Romance town [ episode 1 - 20 end

Parental guidance is advisable for children below 13 years old (PG13)

Bibliographic Details
Format: Book
Published: Korea : s.n. , 20
Subjects:

MARC

LEADER 00000cam a2200000 7i4500
001 0000166324
005 20121129.0
090 0 0 |a F   |b ROM 
245 1 0 |a Romance town [  |h digital video disc] :   |b episode 1 - 20 end 
260 |a Korea :   |b s.n. ,   |c 20 
300 |a 5 digital video disc (420 minutes) :   |b col 
500 |a Library has 1 copy 
520 0 |a Parental guidance is advisable for children below 13 years old (PG13) 
650 0 0 |a TV series, Korean 
999 |a AV 30472   |b DIGITAL VIDEO DISC   |c PINJAMAN   |e PERPUSTAKAAN KOMUNITI PETALING JAYA 
999 |a AV 30996   |b DIGITAL VIDEO DISC   |c PINJAMAN   |e PERPUSTAKAAN KOMUNITI PETALING JAYA